| 000 | 00457nam a2200169Ia 4500 | ||
|---|---|---|---|
| 005 | 20241007162921.0 | ||
| 008 | 240126s9999 xx 000 0 und d | ||
| 020 | _a9780070222854 | ||
| 082 | _a001.6424OFF AND;1 R | ||
| 100 | _aAndersen, Virginia. | ||
| 245 | 0 | _aMicrosoft office access 2007 : the complete reference | |
| 260 |
_bT M H _aNew York |
||
| 300 | _axviii, 784 | ||
| 440 | _aNULL | ||
| 650 | _aMicrosoft,office,access,2007 | ||
| 942 | _cPU | ||
| 999 |
_c274849 _d274849 |
||